LEADER 01256nam a2200277 4500 001 000000364523 003 CaOOAMICUS 005 20250929124948.0 008 250929s1972 gw m 000 u ger r 020 $a3-406-02800-4 040 $aSeMil$bita 100 1 $aKodalle, Klaus-Michael,$d<1943- >.$0(OLS)http://semarc/name/23979 245 10$aThomas Hobbes - Logik der Herrschaft und Vernunft des Friedens /$cKlaus-Michael Kodalle. 264 1$aMünchen :$bC. H. Beck,$c1972. 300 $a210 p. ;$c24 cm 490 1 $aMünchener Studien zur Politik ;$v20 502 $aTesi, Philosophische Fakultät, Univ. Köln, 1969 650 4$aHobbes, Thomas <1588-1679> - Pensiero politico.$0(OLS)http://semarc/subject/14393 830 0$aMünchener Studien zur Politik ;$v20.$0(OLS)http://semarc/title/455922 850 $aSeMil 852 $aSeMil$W1$xVenegono$y1$m2G VI 34$j262455$B255384$CSeMilBibl$Z2$F255384 $81 961 $aBuzzi mons. Franco - Omaggio 996 $6020$a3-406-02800-4$9(OLS)http://semarc/number/304233 996 $6245$aThomas Hobbes - Logik der Herrschaft und Vernunft des Friedens$9(OLS)http://semarc/title/455921 996 $6264$aMünchen :$bC. H. Beck$9(OLS)http://semarc/publisher/36942 LEADER 01424nam a2200289 i 4500 001 000000122130 003 CaOOAMICUS 005 20040123000000.0 008 040123s1999 it u000 u ita u 013 $a94825 020 $a88-8290-082-7 040 $aSeMil$bita 245 10$aCalligrafia di Dio :$bla miniatura celebra la Parola /$cprogetto e coordinamento scientifico Giordana Canova Mariani ; catalogo a cura di Giordana Canova Mariani, Paola Ferraro Vettore. 260 $aModena :$bFranco Cosimo Panini,$cstampa 1999. 300 $a254 p. :$briccamente ill. ;$c32 cm. 500 $aContiene : Bibliografia. - Fondo Card. C.M. Martini. 650 4$aManoscritti miniati - Sec. 9.16. - Esposizioni - 1999.$0(OLS)http://semarc/subject/23149 650 4$aManoscritti liturgici - Sec. 9.-16. - Esposizioni - 1999.$0(OLS)http://semarc/subject/23150 700 1 $aFerraro Vettore, Paola.$0(OLS)http://semarc/name/50765 700 1 $aCanova Mariani, Giordana.$0(OLS)http://semarc/name/5922 850 $aSeMil 852 $aSeMil$W1$xVenegono$y1$m5G X 9$j77151$B77151$CSeMilBibl$Z2$F78858 $81 941 1 $a4 961 $aOmaggio: Martini Card. Carlo Maria 996 $6020$a88-8290-082-7$9(OLS)http://semarc/number/107824 996 $6245$aCalligrafia di Dio :$bla miniatura celebra la Parola$9(OLS)http://semarc/title/179954 996 $6260$aModena :$bFranco Cosimo Panini$9(OLS)http://semarc/publisher/32446 LEADER 01227nam a2200277 i 4500 001 000000178448 003 CaOOAMICUS 005 20090417000000.0 008 090417s2009 it u000 u ita u 013 $a156020 020 $a978-88-8123-580-3 040 $aSeMil$bita 100 1 $aTettamanzi, Dionigi,$c.$0(OLS)http://semarc/name/89456 245 10$aRicolmi dello Spirito :$bla vita nuova in Cristo : catechesi /$cDionigi Tettamanzi. 260 $aMilano :$bIn Dialogo,$c2009. 300 $a138 p. ;$c22 cm. 490 0 $aUomini e Parola ;$v7 600 04$aPaolo VI .$0(OLS)http://semarc/subject/713 650 4$aTettamanzi, Dionigi - Pastorale.$0(OLS)http://semarc/subject/30981 830 0$aUomini e Parola ;$v7.$0(OLS)http://semarc/title/19782 850 $aSeMil 852 $aSeMil$W1$xVenegono$y1$m2F III 306$j129225$B129225$CSeMilBibl$Z2$F141279 $81 961 $aOmaggio: Casa editrice 996 $6020$a978-88-8123-580-3$9(OLS)http://semarc/number/167445 996 $6245$aRicolmi dello Spirito :$bla vita nuova in Cristo : catechesi$9(OLS)http://semarc/title/256301 996 $6260$aMilano :$bIn Dialogo$9(OLS)http://semarc/publisher/31663 LEADER 01268nam a2200277 i 4500 001 000000081513 003 CaOOAMICUS 005 20180613000000.0 008 180613s2018 it u000 u ita u 013 $a53753 020 $a978-88-922-1435-4 040 $aSeMil$bita 100 1 $aPiccinni, Giancarlo.$0(OLS)http://semarc/name/91704 245 10$aDon Tonino sentiero di Dio :$bcon inediti degli scritti e dal carteggio /$cGiancarlo Piccinni ; Prefazione di don Luigi Ciotti. 260 $aCinisello Balsamo :$bSan Paolo,$c2018. 300 $a143 p. ;$c21 cm. 500 $aCon dedica dell'Autore. - Dono dell'Arcivescovo Mons. Mario Delpini. 600 14$aBello, Antonio .$0(OLS)http://semarc/subject/21262 700 1 $aCiotti, Luigi,$c.$0(OLS)http://semarc/name/53822 850 $aSeMil 852 $aSeMil$W1$xVenegono$y1$m3G V 386$j46739$B46739$CSeMilBibl$Z2$F49112 $81 941 1 $a7 961 $aOmaggio: Delpini mons. Mario 996 $6020$a978-88-922-1435-4$9(OLS)http://semarc/number/271093 996 $6245$aDon Tonino sentiero di Dio :$bcon inediti degli scritti e dal carteggio$9(OLS)http://semarc/title/404572 996 $6260$aCinisello Balsamo :$bSan Paolo$9(OLS)http://semarc/publisher/30129